000 00327nam a22001337a 4500
008 170824b xxu||||| |||| 00| 0 eng d
020 _a0070293171
041 _aeng
080 _a51
100 _a38
101 _aMAT
245 _aCALCULUS FOR THE SOCIAL MANAGERIAL AND LIFE SCIENCES
_cHOFFMAN.L.D
942 _2udc
_cBK
999 _c24839
_d24839